000 00470cam a2200145 4500500
005 20260111093231.0
041 _afre
042 _adc
100 1 0 _aSamama, Guy
_eauthor
245 0 0 _aYves Bonnefoy. Une douloureuse anamnèse vers le réel, Jacques Darras
260 _c2017.
500 _a79
786 0 _nEsprit | Jui | 6 | 2017-06-01 | p. 157a-162a | 0014-0759
856 4 1 _uhttps://shs.cairn.info/revue-esprit-2017-6-page-157a?lang=fr&redirect-ssocas=7080
999 _c1625794
_d1625794